000 00385nam a22001697a 4500
999 _c11527
_d11527
003 OSt
008 220910b ||||| |||| 00| 0 eng d
020 _a9788121927093
082 _a620.119 CHE
100 _aRAJPUT,RK
245 _aEngineering Materials and Metallurgy
250 _aRep
260 _aNew Delhi
_bS.Chand
_c2022
300 _a328
650 _aME
942 _2ddc
_cBK